| 000 | 00318nam a2200097Ia 4500 | ||
|---|---|---|---|
| 008 | 220120s9999||||xx |||||||||||||| ||und|| | ||
| 100 |
_aIyer Snehal, Gopalkrishna, Subin Scaria and Vishal _912454 |
||
| 245 | 0 | _aI Cloud | |
| 260 |
_aCoorg Institute of Technology _bPonnampet _c2013 |
||
| 650 | _aELECTRONICS AND COMMUNICATIONS | ||
| 999 |
_c138041 _d138041 |
||